Makroekonomický vývoj vo vybraných krajinách exportujúcich ropu a jeho závislosť na fluktuáciách cien ropy na svetovom trhu
Volatilita cien ropy a jej vplyv na makroekonomický vývoj krajín závislých na exporte ropy. Bežný účet platobnej bilancie krajín exportujúcich ropu. Saldo rozpočtu všeobecnej vlády. Cenový vývoj. Vývoj ekonomiky a proticyklická politika.
Saved in:
| Main Author: | |
|---|---|
| Format: | Book Chapter |
| Language: | Slovak |
| Subjects: | |
| Tags: |
No Tags, Be the first to tag this record!
|
MARC
| LEADER | 00000nla a2200000 4500 | ||
|---|---|---|---|
| 001 | 0240519 | ||
| 005 | 20240604111320.2 | ||
| 041 | 0 | |a slo | |
| 044 | |a SK | ||
| 245 | 1 | 0 | |a Makroekonomický vývoj vo vybraných krajinách exportujúcich ropu a jeho závislosť na fluktuáciách cien ropy na svetovom trhu |c Marek Kálovec |
| 520 | |a Volatilita cien ropy a jej vplyv na makroekonomický vývoj krajín závislých na exporte ropy. Bežný účet platobnej bilancie krajín exportujúcich ropu. Saldo rozpočtu všeobecnej vlády. Cenový vývoj. Vývoj ekonomiky a proticyklická politika. | ||
| 610 | 2 | 0 | |a ropa |
| 610 | 2 | 0 | |a vývoz |
| 610 | 2 | 0 | |a ceny |
| 610 | 2 | 0 | |a volatilita |
| 610 | 2 | 0 | |a krajiny rozvojové |
| 610 | 2 | 0 | |a makroekonomika |
| 610 | 2 | 0 | |a vývoj |
| 610 | 2 | 0 | |a trh svetový |
| 100 | 1 | |a Kálovec, Marek | |